000 00775nam a2200277 4500
003 OSt
005 20260530115255.0
008 260420b2006 gw a|||| |||| 00| 0 spa d
020 _a978 3 8228 4056 6
040 _aICI
_bspa
_cICI
050 _aHF5548
_bW43 2006
100 1 _aWiedemann Julius
245 1 0 _aWeb design :
_be-commerce /
260 _aKöln ;
_bTaschen,
_c2006
264 1 _bTaschen,
300 _a191 páginas
_bilustraciones
_c20 cm.
336 _atexto
_2rdacontent
337 _asin medio
_2rdamedia
338 _avolumen
_2rdacarrier
650 _aElectronic commerce
_930265
650 _aComercio electrónico
_930266
650 _aWeb sites
_xDesign
_930267
650 _aSitios Web -
_xDiseño
700 _aWiedemann, Julius
942 _2lcc
_cBK
999 _c12533
_d12533